000 00785nam a22002177a 4500
999 _c65584
_d65584
005 20240530110832.0
008 190923s2005 ua a f 000 0 ara d
017 _a2005/10921
_bمصر. دار الكتب
020 _a9772085380
040 _aEG-CaGPL
_cEG-CaGPL
082 0 4 _221
_a320.962
_bق/س م
100 0 _aسعيد شعيب
245 1 0 _aمصر رايحه على فين/
_cحوارات سعيد شعيب ؛ تقديم عبدالحليم قنديل
260 _aالقاهرة :
_bمكتبة مدبولى،
_c2006
300 _a432 ص. :
_bايض. ؛
_c24 سم
650 _2qrmak
651 0 7 _2qrmak
_aمصر
_xالاحوال السياسية
700 0 _aعبد الحليم قنديل
_eمقدم
942 _2ddc
_cBK